000 00413nam a22001577a 4500
999 _c874
_d874
008 191227b ||||| |||| 00| 0 eng d
082 0 0 _a665.5
_bG3521
100 _9429
_aGeorgi, Carl W
245 1 0 _aMotor oils and engine lubrication
_cby Carl W Georgi
250 _a1st
260 _aNewYork
_bJohn wiley & sons
_c1950
300 _av, 514p.
365 _b38.00
650 0 _aAutomobiles Lubrication
942 _cBK